|
|
|
|
| LEADER |
00000nam0a2200000 4500 |
| 001 |
22447 |
| 005 |
20231030194728.0 |
| 010 |
|
|
|a 587633040X
|
| 035 |
|
|
|a (RuTPU)RU\TPU\book\22660
|
| 035 |
|
|
|a BOOK00000423
|
| 090 |
|
|
|a 22447
|
| 100 |
|
|
|a 20011209d1998 k y0rusy50 ca
|
| 101 |
0 |
|
|a rus
|
| 102 |
|
|
|a RU
|
| 105 |
|
|
|a y a 000zy
|
| 200 |
1 |
|
|a Безопасность России. Правовые, социально-экономические и научно-технические аспекты
|e Безопасность и устойчивое развитие крупных городов
|
| 210 |
|
|
|a Москва
|c Знание
|d 1998
|
| 215 |
|
|
|a 496 с.
|
| 610 |
1 |
|
|a политика
|
| 610 |
1 |
|
|a право
|
| 610 |
1 |
|
|a безопасность
|
| 610 |
1 |
|
|a экономика
|
| 610 |
1 |
|
|a Россия
|
| 610 |
1 |
|
|a города
|
| 610 |
1 |
|
|a личность
|
| 686 |
|
|
|a Ф3(2)3
|v LBC/SL-A
|2 rubbk
|
| 686 |
|
|
|a Х620.3
|v LBC/SL-A
|2 rubbk
|
| 686 |
|
|
|a У9(2)0-98
|v LBC/SL-A
|2 rubbk
|
| 801 |
|
0 |
|a RU
|b 63413507
|c 20011209
|g PSBO
|
| 801 |
|
2 |
|a RU
|b 63413507
|c 20080905
|g PSBO
|
| 942 |
|
|
|c BK
|